02499naa a2200325 a 450000100080000000500110000800800410001910000170006024501540007726000090023152014790024065300220171965300170174165300150175865300160177365300170178970000220180670000310182870000250185970000200188470000170190470000200192170000240194170000170196570000240198270000190200670000220202570000190204777301070206610654492009-08-13 2008 bl uuuu u00u1 u #d1 aAGUIAR, D.M. aPreval??ncia de anticorpos contra agentes virais e bacterianos em eq????deos do Munic??pio de Monte Negro, Rond??nia, Amaz??nia Ocidental Brasileira. c2008 aForam examinados 176 eq????deos (15 muares e 161 eq??inos) do munic??pio de Monte Negro, Rond??nia, Amaz??nia Ocidental Brasileira, frente a agentes virais e bacterianos. A amostra correspondeu ao total de eq????deos no munic??pio, considerando um n??vel de confian??a de 99%, preval??ncia esperada de 50% e erro padr??o de 10%. As infec????es virais foram investigadas pelas provas de Imunodifus??o em gel de Agar (Anemia Infecciosa Eq??ina - AIE), Inibi????o da hemaglutina????o (Influenza eq??ina tipos 1 e 2 - IE-1 e 2) e Soroneutraliza????o em cultura celular (Arterite Viral Eq??ina - AVE, Herpesv??rus Eq??ino tipo 1 HVE1, Estomatite Vesicular - EV e Encefalomielite Eq??ina do Leste - EEE, do Oeste - WEE e Venezuela - VEE). Para o diagn??stico da leptospirose, foi utilizada a prova de Soroaglutina????o Microsc??pica (SAM); para o diagn??stico da brucelose, o teste do Ant??geno Acidificado Tamponado (AAT) foi utilizado como teste de triagem e as provas de Soroaglutina????o Lenta em Tubos (SLT) e 2- mercaptoetanol como testes diagn??sticos. Foram constatados 9,6% dos eq????deos reativos para AIE, 22,7% para HVE1, 19,9% para IE- 1, 42,0% para IE-2, 21,0% para EEE, 11,3% para VEE, 3,4% para Brucella spp. e 91,4% para Leptospira spp. Os sorovares de leptospira mais freq??entes foram Bratislava (10,5%), Icterohaemorrhagiae (8,7%) e Autumnalis (8,7%) nos eq??inos e Patoc (26,6%) nos muares. N??o foram encontrados animais com anticorpos contra AVE, EV e WEE. aAgente bacteriano aAgente viral aEq????deos aMonte Negro aPreval??ncia1 aCAVALCANTE, G. T.1 aLARA, M. do C. C. de S. H.1 aVILLALOBOS, E. M. C.1 aCUNHA, E. M. S.1 aOKUDA, L. H.1 aST??FANO, E. de1 aNASSAR, A. F. de C.1 aSOUZA, G. O.1 aVASCONCELLOS, S. A.1 aLABRUNA, M. B.1 aCAMARGO, L. M. A.1 aGENNARI, S. M. tBrazilian Journal of Veterinary Research and Animal Science, S??o Paulogv. 45, n. 4 p. 269-276, 2008.